Basic Water Treatment

Enregistré dans:
Détails bibliographiques
Auteurs principaux: Binnie, Chris (Auteur), Kimber, Martin (Auteur)
Format: Livre
Langue:anglais
Publié: London : ICE Publishing, 2013
Édition:5. ed.
Tags: Ajouter un tag
Pas de tags, Soyez le premier à ajouter un tag!

MARC

LEADER 00000nam a22000003a 4500
001 stu286627
005 20221031101758.6
008 140320s--------uk------------------eng-d
020 |a 978-0-7277-5816-3 
040 |a STU  |b slo 
041 0 |a eng 
044 |a uk 
100 1 |a Binnie, Chris  |4 aut 
245 1 |a Basic Water Treatment 
250 |a 5. ed. 
260 |a London :  |b ICE Publishing,  |c 2013 
300 |a 294 s 
700 1 |a Kimber, Martin  |4 aut 
996 |c V*51897/O-23166  |l VV17  |s P  |a 0  |w stu286627_0001 
996 |c V* 52747/O-23904  |l VV17  |s P  |a 0  |w stu286627_0002